|
|
|
|
| LEADER |
00000nab a2200000ua 4500 |
| 001 |
vtls010809035 |
| 003 |
SK-MaSNL |
| 005 |
20260303173707.0 |
| 008 |
230218s1977 xo |||||||||||||||||ukr| |
| 035 |
|
|
|a (urnnbn)urn:nbn:sk:snk:ar-004ogx
|
| 035 |
|
|
|a (uuid)0d539d02-9cc0-4966-a7ea-d923e9f7e9e5
|
| 035 |
|
|
|a urn:nbn:sk:snk-ab44j1
|
| 040 |
|
|
|a SNKBUCL
|b slo
|c SNKBUCL
|e AACR2
|
| 041 |
0 |
|
|a ukr
|
| 044 |
|
|
|a xo
|c SK
|
| 100 |
1 |
|
|a Roman, Michal,
|d 1930-
|4 aut
|9 90937
|
| 245 |
1 |
0 |
|a Zavdannja literaturi pislja XV z'izdu KPČ
|c Michajlo Roman
|
| 773 |
0 |
|
|t Duklja : literaturno-chudožnij ta hromads'ko-polityčnyj al'manach
|g Roč. 25, č. 1 (1977), s. 31-37
|
| 958 |
|
|
|a OND
|
| 958 |
|
|
|a EUIPO
|
| 958 |
|
|
|a article3
|
| 999 |
|
|
|c 2093513
|d 2095443
|